Linguistic foundations of identity: (Record no. 163192)

MARC details
000 -LEADER
fixed length control field 00710nam a2200205 4500
005 - DATE AND TIME OF LATEST TRANSACTION
control field 20190404112557.0
010 ## - LCCN (DPL NO)
LC control number ENG-125002
020 ## - INTERNATIONAL STANDARD BOOK NUMBER
International Standard Book Number 9789350025406
Terms of availability 995.00
035 ## - SYSTEM CONTROL NUMBER
System control number EN-108534
037 ## - SOURCE OF ACQUISITION
Source of stock number/acquisition DBAD/PUB
082 ## - DEWEY DECIMAL CLASSIFICATION NUMBER
Classification number 306.4
245 ## - TITLE STATEMENT
Title Linguistic foundations of identity:
Statement of responsibility, etc ed. by Om Prakash [and] Rajesh Kumar
Remainder of title readings in language, literature and contemporary cultures/
260 ## - PUBLICATION, DISTRIBUTION, ETC. (IMPRINT)
Place of publication, distribution, etc Delhi
Name of publisher, distributor, etc Aakar Books
Date of publication, distribution, etc 2018
270 ## - ADDRESS
Address 28 E,Pocket IV, Mayur Vihar Phase-1
City Delhi
Postal code 110091
Electronic mail address aakarbooks@gmail.com
300 ## - PHYSICAL DESCRIPTION
Extent 368p.
Dimensions 23cm.(Hb)
500 ## - GENERAL NOTE
General note It includes bibliographical and references
700 ## - ADDED ENTRY--PERSONAL NAME
Personal name Om Prakash
700 ## - ADDED ENTRY--PERSONAL NAME
Personal name Rajesh Kumar
942 ## - ADDED ENTRY ELEMENTS (KOHA)
Source of classification or shelving scheme Dewey Decimal Classification
Item type English Books
Classification part 306.4
Call number suffix LIN
Holdings
Withdrawn status Lost status Not for loan Collection code Home library Current library Date acquired Source of acquisition Cost, normal purchase price Full call number Barcode Copy number Cost, replacement price Koha item type
    Not For Loan Non-fiction D.B.Act.Division Patel Nagar 01/04/2019 DBAD/PUB 995.00 306.4 LIN EN-108534 1 995.00 English Books

© Delhi Public Library
Hit Counter
free hit counter